Statistieken voor Grootste europese landen (oppervlakte)

Klik hier om de quiz te nemen!

Algemene statistieken

  • Deze quiz is 43 keer genomen
  • De gemiddelde score is 9 van 10

Antwoordstatistieken

HintAntwoord% Correct
5Duitsland
97%
1Frankrijk
97%
9Italie
97%
2Oekraine
94%
3Spanje
94%
7Noorwegen
92%
8Polen
92%
4Zweden
92%
6Finland
89%
10Engeland
42%

Scoreverdeling

Percentiel versus Aantal Correcte Antwoorden

Procent van Mensen met Elke Score

Uw Scoregeschiedenis

U heeft deze quiz nog niet genomen